000 00561nam a2200181 4500
001 144158
003 ES-MaACL
005 20230906200945.0
007 t|
008 070214s1965 sp r ||||1| spa d
100 1 _aSiefer, Gregor.
_9106220
245 1 4 _aLos sacerdotes obreros
_b: (los hechos y las consecuencias) /
_cGregor Siefer ; versión de José Antonio Díaz.
250 _a1ª. ed.
260 _aBarcelona :
_bNova Terra,
_c1965.
300 _a344 p. ;
_c22 cm.
700 1 _aDíaz, José Antonio.
_944134
852 _aES-MaACL
_jC-27641
_bR.56851
999 _c144158
_d144158